[Event "1st Pelion Open 2018"]
[Site "Agios Ioannis-Pelion"]
[Date "2018.06.20"]
[Round "6"]
[White "Mastrovasilis, Athanasios"]
[Black "Nikolaidis, Ioannis"]
[Result "1/2-1/2"]
[WhiteElo "2501"]
[BlackElo "2537"]
[Annotator "TA"]
[PlyCount "34"]
[EventType "swiss"]
[EventCountry "GRE"]
[SourceTitle "playchess.com"]
[Source "ChessBase"]
[SourceQuality "1"]

{[%evp 14,34,7,0,0,0,15,32,15,0,0,-7,0,0,0,0,0,0,0,0,0,0,0]} 1. d4 {Tisdall,J} Nf6 2. c4 e6 3. Nc3 Bb4 4. Nf3 b6 5. Bd2 Bb7 6. g3 Bxf3 {E21: Nimzo-Indian: 4 Nf3} (6... Bxc3 7. Bxc3 Ne4 8. Rc1 d5 9. Bg2 O-O 10. O-O Nxc3 11. Rxc3 dxc4 12. Rxc4 Bd5 13. Rc3 a5 14. Qc2 {½-½ (59) Mamedyarov,S (2809)-Morozevich,A (2665) Moscow 2018}) 7. exf3 O-O 8. Bg2 {LiveBook: 4 Games} Nc6 9. a3 Bxc3 10. Bxc3 d5 11. f4 {The position is equal.} Qd7 12. Qb3 $146 ({Predecessor:} 12. O-O dxc4 13. Qa4 Nd5 14. Qxc4 Rfd8 15. Rfe1 {½-½ (46) Gormally,D (2425)-Shaked,T (2500) London 1997 CBM 062 [Tisdall,J]}) 12... Rad8 (12... Rab8 {feels hotter.} 13. Qb5 Rfd8 14. O-O Ne7 15. Qxd7 Rxd7 16. b3 a5) 13. O-O Nxd4 14. Bxd4 {[#] aiming for Rad1.} dxc4 15. Qxc4 {Threatens to win with Rad1.} Qxd4 16. Qxc7 Rd7 17. Qc2 Rfd8 1/2-1/2

[Event "1st Pelion Open 2018"]
[Site "Agios Ioannis-Pelion"]
[Date "2018.06.20"]
[Round "6"]
[White "Grivas, Efstratios"]
[Black "Markidis, Konstantinos"]
[Result "1/2-1/2"]
[WhiteElo "2445"]
[BlackElo "2339"]
[Annotator "TA"]
[PlyCount "77"]
[EventType "swiss"]
[EventCountry "GRE"]
[SourceTitle "playchess.com"]
[Source "ChessBase"]
[SourceQuality "1"]

{[%evp 22,77,18,0,15,0,0,0,0,0,0,-11,0,-11,0,-10,-11,-33,-21,-93,-21,-52,0,-39,-45,-46,-41,-37,-38,-109,-100,-118,-47,-50,-64,-50,11,0,0,0,45,0,0,-8,-4,-4,42,10,24,-4,-4,-16,0,-7,0,-21,0,0]} 1. Nf3 Nf6 2. c4 e6 3. g3 d5 4. Bg2 Be7 5. O-O O-O 6. d4 dxc4 7. Qc2 a6 8. a4 Bd7 9. Qxc4 Bc6 10. Bf4 a5 11. Nc3 Na6 12. Rfe1 {LiveBook: 20 Partien. E05: Katalanisch} (12. Rac1 Nb4 13. Ne5 Bxg2 14. Kxg2 c6 15. e4 Nd7 16. Nf3 Qb6 17. Rfd1 Rfd8 18. h4 h6 19. Qe2 Nf6 20. Rd2 {½-½ (88) Meier,G (2630)-Karjakin,S (2783) chess.com INT 2017}) 12... Bb4 13. Bg5 h6 14. Bxf6 Qxf6 15. e4 Rfd8 16. Rad1 $146 ({Vorgänger:} 16. Re3 Be8 17. Rd1 Bf8 18. Ne1 Qe7 19. Nd3 Nb4 {0-1 (47) Truskavetsky,A (2399)-Aveskulov,V (2450) Alushta 2005}) 16... Rac8 17. Re3 Be8 18. h4 Qe7 19. Ne5 c6 20. Qb3 {[#]} (20. Bh3 $11 {hält das Gleichgewicht.}) 20... f6 (20... Qc7 $1 $17 21. Red3 c5) 21. Nf3 c5 ({Lieber} 21... Bf7 $15) 22. d5 c4 23. Qc2 Bc5 24. Nd4 Bh5 25. Rd2 (25. Bf3 $15 Nb4 26. Qe2 Bxd4 27. Rxd4 Bxf3 28. Rxf3) 25... Nb4 $17 26. Qb1 {[#]} e5 (26... Bg4 $1 $17 {zielt auf ...e5 ab.} 27. e5 Nd3 28. Rexd3 cxd3 29. Nxe6 Bxe6 30. dxe6 Bd4 31. exf6 Qxf6) 27. Nf5 $15 Qf8 {...g6 ist eine echte Drohung.} 28. Re1 Bg4 (28... Nd3 $15 29. Rxd3 cxd3 30. Qxd3 Be8) 29. Ne3 $11 Bxe3 30. Rxe3 Qc5 31. Bf1 {[#]} Nc6 $1 {[%cal Bb4c6,Bc6d4,Bd4b3][%mdl 544]} 32. Be2 (32. dxc6 Rxd2) 32... Bxe2 33. Nxe2 Qb4 34. Qd1 Nd4 35. Nc3 Nb3 {Die Stellung ist ausgeglichen.} 36. Rc2 Nd4 37. Rd2 Nb3 38. Rc2 Nd4 39. Rd2 {Precision: Weiß = 34%, Schwarz = 46%.} 1/2-1/2

[Event "1st Pelion Open 2018"]
[Site "Agios Ioannis-Pelion"]
[Date "2018.06.20"]
[Round "6"]
[White "Angelis, Mihail"]
[Black "Papapostolou, Apostolos"]
[Result "1/2-1/2"]
[WhiteElo "2148"]
[BlackElo "1920"]
[Annotator "NA"]
[PlyCount "48"]
[EventType "swiss"]
[EventCountry "GRE"]
[SourceTitle "playchess.com"]
[Source "ChessBase"]
[SourceQuality "1"]
[TimeControl "40/5400+30:1800+30"]

1. Nf3 Nf6 2. d4 g6 3. c4 Bg7 4. g3 O-O 5. Bg2 d6 6. O-O Nc6 7. d5 Na5 8. Nfd2 c5 9. a3 Qc7 10. Qc2 b6 11. b4 cxb4 12. axb4 Nb7 13. Bb2 a5 14. e4 Bd7 15. bxa5 Rxa5 16. Nc3 b5 17. Rxa5 Nxa5 18. cxb5 Bxb5 19. Rc1 Rc8 20. Qb1 Bd7 21. Ne2 Qb6 22. Rxc8+ Bxc8 23. Qc2 Ba6 24. Bd4 Qb4 1/2-1/2

[Event "1st Pelion Open 2018"]
[Site "Agios Ioannis-Pelion"]
[Date "2018.06.20"]
[Round "6"]
[White "Ilandzis, Spyridon"]
[Black "Chatzipolitis, Georgios"]
[Result "1-0"]
[WhiteElo "1990"]
[BlackElo "1726"]
[Annotator "NA"]
[PlyCount "45"]
[EventType "swiss"]
[EventCountry "GRE"]
[SourceTitle "playchess.com"]
[Source "ChessBase"]
[SourceQuality "1"]
[TimeControl "40/5400+30:1800+30"]

1. d4 d5 2. c4 c6 3. Nc3 e6 4. Qd3 Nd7 5. Nf3 Ngf6 6. g3 b6 7. Bg2 Bb7 8. O-O Be7 9. cxd5 cxd5 10. Bf4 O-O 11. Rac1 h6 12. Nb5 Ne8 13. Rc2 g5 14. Bc7 Nxc7 15. Nxc7 Rc8 16. Nxe6 fxe6 17. Qg6+ Kh8 18. Qxh6+ Kg8 19. Bh3 Rxf3 20. Bxe6+ Rf7 21. Qg6+ Kh8 22. Bxf7 Nf8 23. Qg8# 1-0

[Event "1st Pelion Open 2018"]
[Site "Agios Ioannis-Pelion"]
[Date "2018.06.20"]
[Round "6"]
[White "Lagaras, Stylianos"]
[Black "Stanojoski, Zvonko"]
[Result "0-1"]
[WhiteElo "1937"]
[BlackElo "2440"]
[Annotator "TA"]
[PlyCount "78"]
[EventType "swiss"]
[EventCountry "GRE"]
[SourceTitle "playchess.com"]
[Source "ChessBase"]
[SourceQuality "1"]

{[%evp 15,78,45,64,40,41,56,52,47,107,14,14,-50,-47,-52,-50,-47,-33,-45,-45,-34,0,-62,12,-47,-47,-42,-39,-30,-38,-34,-39,-89,-87,-149,-122,-243,-232,-227,-231,-392,-235,-366,-363,-367,-355,-354,-352,-493,-525,-521,-516,-508,-508,-503,-496,-491,-414,-758,-733,-764,-745,-754,-749,-730,-617]} 1. d4 {[%cal Bd2d4,Bd4e5][%mdl 32]} Nf6 2. c4 e5 3. dxe5 Ng4 4. Bf4 g5 5. Bg3 Nc6 6. Nf3 Bg7 7. h4 Ngxe5 {A52: Budapest Gambit} 8. hxg5 Nxf3+ {LiveBook: 4 Games} 9. exf3 $146 ({Predecessor:} 9. gxf3 Bxb2 10. Nd2 Qxg5 11. Bxc7 d6 12. Ne4 Bxa1 13. Nxd6+ Kd7 14. Ne4+ Kxc7 15. Qd6+ {½-½ (34) Shimanov,A (2633)-Durarbayli,V (2608) Merida 2016}) 9... Bxb2 {White is slightly better.} 10. Nd2 Qxg5 11. Rb1 Bc3 (11... Qe7+ $14 12. Qe2 Be5) 12. Rb5 (12. Qe2+ $16 Qe7 13. Bxc7) 12... Qe7+ 13. Qe2 (13. Be2 $1 $11) 13... Qxe2+ 14. Bxe2 d6 15. Rbh5 Be6 16. Kd1 O-O-O 17. Ne4 Bd4 18. Rxh7 (18. Ng5 $11) 18... d5 ({Black should try} 18... Rxh7 $15 19. Rxh7 Rg8) 19. Rxh8 (19. Ng5 $11 Rxh7 20. Rxh7) 19... Bxh8 $15 20. Bh4 f6 $36 {[%mdl 2048] Black is pushing.} 21. cxd5 Rxd5+ 22. Kc1 {Bc4 is the strong threat.} Rh5 23. g4 {[#]} Rh6 $1 24. f4 (24. Nc5 $142 Bf7 25. Bd3) 24... Nd4 $17 (24... Bxa2 25. g5 $11) 25. Bd1 (25. g5 $17 Nxe2+ 26. Kd2 fxg5 27. fxg5) 25... Bd5 $19 ({Resist} 25... Bxa2 26. g5 $17) 26. f3 f5 ({Don't play} 26... Bxa2 27. f5 $17) 27. Nf2 $2 {[#]} (27. Nf6 {was worth a try.} Bxf6 28. g5 Rxh4 29. Rxh4) 27... Bxf3 (27... Nxf3 $142 {White must now prevent ...Rc6+.} 28. Bxf3 Bxf3) 28. Bxf3 (28. Rh3 $142) 28... Nxf3 29. Bg3 Rxh1+ 30. Nxh1 fxg4 {[%mdl 4096] Endgame KBN-KBN} 31. Nf2 (31. Kc2 {is a better defense.}) 31... Nd4 32. Kd2 Nf5 33. Ne4 Kd7 34. Bf2 b6 {[%cal Bb7b6,Bb6b5][%mdl 32]} 35. Kd3 Ke6 36. Ng5+ (36. Kc4 $142) 36... Kd5 {Black is clearly winning.} 37. Nf7 Bf6 38. Be1 c5 39. Ng5 b5 {Precision: White = 36%, Black = 69%.} 0-1